| 000 | 00928nam a2200265Ia 4500 | ||
|---|---|---|---|
| 003 | OSt | ||
| 005 | 20220923225227.0 | ||
| 006 | a|||||r|||| 00| 0 | ||
| 007 | ta | ||
| 008 | 220922b |||||||| |||| 00| 0 pan d | ||
| 020 | _c100 | ||
| 024 | _a260,718 | ||
| 037 |
_b541, 02/12/2011, H.K. Prakashan _cTextual |
||
| 040 |
_aARTS _cARTS _bpan |
||
| 041 |
_2pan _apan |
||
| 082 | _aO153:gN, P5 | ||
| 100 | _aਭੱਠਲ, ਰਵਿੰਦਰ, ਥਦ. | ||
| 245 | 0 |
_aਪੰਜਾਬੀ ਸਾਹਿਤ _b ਸਮਕਾਲੀ ਦ੍ਰਿF |
|
| 260 |
_aਲੂਧਿਆਣਾ _b ਪੰਜਾਬੀ ਸਾਹਿਤ ਅਕਾਡਮੀ _c2005 |
||
| 300 |
_a128ਪੰ _ccm. |
||
| 650 | _a ਪੰਜਾਬੀ ਸਾਹਿਤ | ||
| 650 | _aਪੰਜਾਬੀ ਸਾਹਿਤ | ||
| 942 |
_hO153:gN, P5 _cTEXL _2CC |
||
| 999 |
_c376840 _d376840 |
||